มุมมองปกติ
มุมมองแบบ MARC
- การศึกษานอกระบบโรงเรียน
รายการ Topical Term
001 - CONTROL NUMBER
- control field: 12869
003 - CONTROL NUMBER IDENTIFIER
- control field: NALT
005 - DATE AND TIME OF LATEST TRANSACTION
- control field: 20170914125731.0
008 - FIXED-LENGTH DATA ELEMENTS
- fixed length control field: 170817|| aca||aabn | a|a d
040 ## - CATALOGING SOURCE
- Original cataloging agency: NALT
- Transcribing agency: NALT
150 ## - HEADING--TOPICAL TERM
- Topical term or geographic name entry element: การศึกษานอกระบบโรงเรียน
- General subdivision: หลักสูตร
- General subdivision: วิจัย
670 ## - SOURCE DATA FOUND
- Source citation: Work cat.: (NALT)45483: จุรีพร กุลคง 12868, การศึกษาความเหมาะสมและความพึงพอใจต่อการจัดกระบวนการเรียนรู้ตามแนวทางการจัดการศึกษานอกโรงเรียน หลักสูตรการศึกษาขั้นพื้นฐาน พุทธศักราช 2544 ภาคเรียนที่ 1/2546 ของครูศูนย์การเรียนชุมชนและนักศึกษาการศึกษานอกโรงเรียน จังหวัดพิษณุโลก, 2547
